000 00366 a2200169 4500
001 73625
020 _a8500306513
040 _cAnchieta - Colégio São Paulo
100 _aMarques, Rebelo
240 1 0 _aA estrela sobe
_lpor
245 1 0 _aA estrela sobe
300 _a115
362 0 _a1995
440 1 _aEdiouro
650 4 _aFicção brasileira
942 _cBK
999 _c73625
_d73625